00677cam a2200229 i 450000100060000000300080000600500170001400800390003103500190007004000270008904100130011608200220012910000370015124500560018825000160024426000360026030000290029650000460032560000140037165000290038570000330041422184BD-RjUL20211209000757.0140306s1952 uk a 000 0 eng a(BD-RjUL)22249 aDLCcDLCdBD-RjULbeng1 aenghgrc00a882.01bMUC 19520 aMurray,Gilbert .qGilbert Murray04aThe complete plays of Aeschylus /c Gilbert Murray. aLimited ed. aLondon :bAllen & Unwin,c1952. a266 p. :bill. ;c19 cm. a"Notes from the editors": 22 p. inserted.00aAeschylus 0aMythology, GreekvDrama.1 aMurray, Gilbert,d1866-1957.